000 00434cam a22001457a 4500
008 180718b1982 xxu||||| |||| 00| 0 eng d
082 _aBA27x5411 B328
100 _aBaveja, J.D.
245 _aNew horizons of North-East
_cby J.D. Baveja
260 _aGauhati
_bWestern Book
_c1982
300 _a152p.
650 _aIndia --Social life and customs.
650 _aIndia, Northeastern --Description and travel
650 _aBaveja, J. D.
999 _c340937
_d340937